| 000 | 01110nam a22003137a 4500 | ||
|---|---|---|---|
| 001 | 9990 | ||
| 003 | FISKH | ||
| 005 | 20260324145946.0 | ||
| 008 | 260324b cb ||||| |||| 00| 0 eng d | ||
| 020 | _a9780590693318 | ||
| 040 |
_aFISKH _beng _cFISKH _dFISKH |
||
| 050 | _a PZ7 .B6654 .F | ||
| 082 | _a813.54 | ||
| 100 | _aBourgeios , Paulette | ||
| 245 |
_aFranklin's school play / _cBy Paulette Bourgeios : Illustrated by Brenda Clark |
||
| 250 | _aFirst Scholastic printing , November 1996 | ||
| 260 |
_aNew York : _bScholastic , _c1996 . |
||
| 300 |
_a32 unnumbered pages : _bcolor illustrations ; _c23 cm . |
||
| 490 |
_aFranklin the Turtle _v14 |
||
| 505 | _aK | ||
| 520 | _aIn this Franklin Classic Storybook, Franklin has been chosen to play the Nutcracker Prince in his class's production. But will he be too nervous to say his lines when the big night arrives? | ||
| 521 | 8 |
_a550
_bLexile |
|
| 521 | 8 |
_aK
_bRaz-Plus |
|
| 650 |
_aSchool _vFiction |
||
| 650 |
_aActing _vFiction |
||
| 700 |
_aClark , Brenda _eIllustrator |
||
| 942 |
_2ddc _cBK _n0 |
||
| 999 |
_c9990 _d9990 |
||